000 00897nam a2200229 a 4500
001 000048102
003 DO-SdBNP
005 20240925092145.0
008 181115s2015 dr ac 000 0 spa d
020 _a9789945586473
040 _aDO-SdBNP
_bspa
_cBNPHU
082 4 _axxxx
_bM828H
_222
245 0 0 _aDocumentos del gobierno Carlos F. Morales Languasco 1903-1906 /
_ccompilador ; Alfredo Rafael Hernéndez Figueroa ; diagramación Guillermina Cruz.
260 _aSanto Domingo :
_bArchivo General de la Nación,
_c2015.
300 _a400 p. :
_bil., retrs. ;
_c27 cm.
490 0 _aArchivo General de la Nación
_aPresidentes dominicanos
_v253
500 _aIncluye datos del compilador en la solapa de la cubierta
590 _aInventariado, 2018/LP
700 1 _aHernández Figueroa, Alfredo Rafael,
_ecomp.
_96902
700 1 _aCruz, Guillermina,
_ediagramación
_924030
942 _2ddc
_cLBS1
999 _c47590
_d47590